000 00473nam a2200193Ia 4500
005 20240823025839.0
008 240823s9999||||xx |||||||||||||| ||und||
020 _a0-07-047296-3
041 _aENGLISH
082 _A004.678 Q0
100 _aRaj Kamal
245 0 _aInternet and WEB Technologies
250 _a1st
260 _c2010
_b"Tata Mcgraw Hill,New "
500 _aTRANSFERED
650 _aInternet
_bInformation Technology
942 _cBK
999 _c187293
_d187293